Statistics for Who wrote it?

Click here to take the quiz!

General Stats

  • This quiz has been taken 27 times
  • The average score is 4 of 15

Answer Stats

Quotation Author or Poet % Correct
“Quoth the Raven: 'Nevermore'"Edgar Allan Poe
96%
“We penetrated deeper and deeper into the heart of darkness”Joseph Conrad
71%
"War is Peace. Freedom is Slavery. Ignorance is Strength."George Orwell
33%
“I had seen nothing sacred, and the things that were glorious had no glory and the sacrifices were like the stockyards at Chicago if nothing was done with the meat except to bury it. ”Ernest Hemingway
29%
“I saw the best minds of my generation destroyed by madness, starving hysterical naked,"Allen Ginsberg
25%
"Half a league, half a league,/ Half a league onward,/ All in the valley of Death/ Rode the six hundred."Alfred, Lord Tennyson
25%
"I think of Dean Moriarty, I even think of Old Dean Moriarty the father we never found, I think of Dean Moriarty."Jack Kerouac
21%
"A man is the sum of his misfortunes. One day you'd think misfortune would get tired, but then time is your misfortune."William Faulkner
13%
" “Tis strange - but true; for Truth is always strange, Stranger than Fiction” "Lord Byron
13%
“As long as she thinks of a man, nobody objects to a woman thinking.”Virginia Woolf
13%
"Give me your tired, your poor, Your huddled masses yearning to breathe free,"Emma Lazarus
8%
“Think you're escaping and run into yourself. Longest way round is the shortest way home.”James Joyce
8%
"That is no country for old men. The Young/ In one another's arms, birds in the trees,"William Butler Yeats
8%
“ Out of the ash/ I rise with my red hair/ And I eat men like air.”Sylvia Plath
4%
“I ought to be thy Adam, but I am rather the fallen angel...”Mary Wollstonecraft Shelley
4%

Score Distribution

Percentile by Number Answered

Percent of People with Each Score

Your Score History

You have not taken this quiz